Countries that Start with M - Shape Quiz - Statistics

General Stats
  • This quiz has been taken 32 times
  • The average score is 15 of 17
Answer Stats
Picture Answer % Correct
Madagascar
100%
Mali
100%
Mexico
96%
Mongolia
96%
Morocco
96%
Maldives
93%
Mauritania
93%
Micronesia
93%
Mozambique
93%
Malawi
89%
Mauritius
86%
Monaco
86%
Malaysia
82%
Marshall Islands
82%
Moldova
79%
Malta
75%
Montenegro
75%
No matching quizzes found
Score Distribution
Percent of People with Each Score
Percentile by Number Answered
Your Score History
You have not taken this quiz